[Event "BdF-Diamant 06 email"]
[Site "GER email"]
[Date "2015.06.25"]
[Round "?"]
[White "Bolz, Barbara"]
[Black "Morokova, Larisa Vasilievna"]
[Result "1/2-1/2"]
[WhiteElo "2326"]
[BlackElo "2374"]
[PlyCount "58"]
[EventDate "2015.??.??"]
[EventType "tourn (corr)"]
[EventRounds "12"]
[EventCountry "GER"]
[SourceTitle "Corr 2017"]
[Source "ChessBase"]
[SourceDate "2017.09.19"]
[SourceVersion "1"]
[SourceVersionDate "2017.09.19"]
[SourceQuality "1"]

1. d4 Nf6 2. c4 e6 3. Nc3 Bb4 4. e3 0-0 5. Bd3 d5 6. Nf3 c5 7. 0-0 dxc4 8. Bxc4 Nc6 9. a3 Ba5 10. Qd3 a6 11. dxc5 Qxd3 12. Bxd3 Bxc3 13. bxc3 Na5 14. c4 Nb3 15. Rb1 Nxc5 16. Bc2 Bd7 17. Ne5 Rfc8 18. f3 b5 19. Bb2 bxc4 20. Nxc4 Bb5 21. Nb6 Bxf1 22. Kxf1 Nd5 23. Nxc8 Nxe3+ 24. Ke2 Nxc2 25. Nb6 Rd8 26. Rc1 Nd4+ 27. Bxd4 Nb3 28. Bb2 Nxc1+ 29. Bxc1 f6 1/2-1/2

[Event "BdF-Diamant 06 email"]
[Site "GER email"]
[Date "2015.06.25"]
[Round "?"]
[White "Walther, Joachim"]
[Black "Morokova, Larisa Vasilievna"]
[Result "1/2-1/2"]
[WhiteElo "2265"]
[BlackElo "2374"]
[PlyCount "60"]
[EventDate "2015.??.??"]
[EventType "tourn (corr)"]
[EventRounds "12"]
[EventCountry "GER"]
[SourceTitle "Corr 2017"]
[Source "ChessBase"]
[SourceDate "2017.09.19"]
[SourceVersion "1"]
[SourceVersionDate "2017.09.19"]
[SourceQuality "1"]

1. e4 c5 2. Nf3 Nc6 3. d4 cxd4 4. Nxd4 Nf6 5. Nc3 e5 6. Ndb5 d6 7. Bg5 a6 8. Na3 b5 9. Nd5 Be7 10. Bxf6 Bxf6 11. c3 0-0 12. Nc2 Bg5 13. a4 bxa4 14. Rxa4 a5 15. Bc4 Rb8 16. b3 Kh8 17. Nce3 g6 18. 0-0 f5 19. Qd3 Be6 20. Rd1 Qd7 21. f3 f4 22. Nc2 Bd8 23. Raa1 g5 24. h3 Kg7 25. Kf1 h5 26. Ke2 Rh8 27. Na3 Rh6 28. Kd2 Na7 29. Kc2 Rg6 30. Rh1 Nc8 1/2-1/2